| 000 | 01276cam a2200397 a 4500 | ||
|---|---|---|---|
| 001 | 2091 | ||
| 003 | FISKH | ||
| 005 | 20231110090807.0 | ||
| 008 | 051011s2006 nyu c 000 1 eng | ||
| 010 | _a 2005028081 | ||
| 020 | _a9780399243509 | ||
| 020 | _a9780545036832 | ||
| 020 | _a0545036836 | ||
| 035 | _a(OCoLC)ocm62127717 | ||
| 040 |
_aDLC _cDLC _dDLC _beng |
||
| 042 | _alcac | ||
| 043 | _an-us-ny | ||
| 050 | 0 | 0 |
_aPZ7.C59118 _bTfu 2006 |
| 082 | 0 | 0 |
_a303 _222 |
| 100 | 1 |
_aClements, Andrew, _d1949-2019, |
|
| 245 | 1 | 0 |
_aThings hoped for / _cAndrew Clements. |
| 250 | _aFirst Scholastic printing, September 2007 | ||
| 260 |
_aNew York : _bScholastic, _c2006 |
||
| 300 |
_a167 pages ; _c20 cm |
||
| 505 | _aR | ||
| 520 | _aSeventeen-year-old Gwen, who has been living with her grandfather in Manhattan while she attends music school, joins up with another music student to solve the mystery of her grandfather's sudden disappearance. | ||
| 521 | 8 |
_a770
_bLexile |
|
| 521 | 8 |
_aR
_bRaz-Plus |
|
| 650 | 1 |
_aMusic _vFiction. |
|
| 650 | 1 |
_aIdentity _vFiction. |
|
| 650 | 1 |
_aGrandfathers _vFiction. |
|
| 650 | 1 |
_aDeath _vFiction. |
|
| 651 | 1 |
_aNew York (N.Y.) _vFiction. |
|
| 906 |
_a7 _bcbc _corignew _d1 _eecip _f20 _gy-gencatlg |
||
| 942 |
_2ddc _cBK _n0 |
||
| 999 |
_c2091 _d2091 |
||